| 000 | 00792cam a2200253Ia 4500 | ||
|---|---|---|---|
| 003 | PILC | ||
| 005 | 20150508160110.0 | ||
| 008 | 040427t20042003nyu 000 1 eng d | ||
| 020 | _a9781594480003 | ||
| 050 | 0 | 0 |
_aPS 3608.O525 _b.K58 2005 |
| 100 | 1 | _aHosseini, Khaled. | |
| 245 | 1 | 4 |
_aThe kite runner : _ba novel / _cKhaled Hosseini. |
| 250 | _a1st Riverhead trade pbk. ed. | ||
| 260 |
_aNew York : _bRiverhead Books, _c2005. |
||
| 300 |
_axii, 371 pages : _c21 cm. |
||
| 500 | _a"A San Francisco Chronicle Best Book of the Year"--Cover. | ||
| 650 | 0 |
_aMale friendship _vFiction. |
|
| 650 | 0 |
_aSocial classes _vFiction. |
|
| 650 | 0 |
_aBetrayal _vFiction. |
|
| 650 | 0 |
_aBoys _vFiction. |
|
| 651 | 0 |
_aKabul (Afghanistan) _vFiction. |
|
| 651 | 0 |
_aAfghanistan _vFiction. |
|
| 942 |
_2lcc _cBK |
||
| 999 |
_c283913 _d283913 |
||